书目信息 |
| 题名: |
进攻日本
|
|
| 作者: | 戴维斯 , 温 著 ;臧英年 译 | |
| 分册: | ||
| 出版信息: | 桂林 广西师范大学出版社 2014.09 |
|
| 页数: | 280页, [16] 页图版 | |
| 开本: | 22cm | |
| 丛书名: | ||
| 单 册: | ||
| 中图分类: | K313.46 , E313.9 | |
| 科图分类: | ||
| 主题词: | 第二次世界大战--di er ci shi jie da zhan--日本--史料 , 美国对日本广岛、长崎原子突袭 (1945)--mei guo dui ri ben guang dao 、chang qi yuan zi tu xi (1945)--史料 | |
| 电子资源: | ||
| ISBN: | 978-7-5495-5854-4 | |
| 000 | 01414nam0 2200325 450 | |
| 001 | 2229762614 | |
| 005 | 20220917081622.28 | |
| 010 | @a978-7-5495-5854-4@b精装@dCNY40.00 | |
| 092 | @aCN@b人天647-0618 | |
| 100 | @a20140925d2014 em y0chiy50 ea | |
| 101 | 1 | @achi@ceng |
| 102 | @aCN@b450000 | |
| 105 | @aaf z 000yy | |
| 200 | 1 | @a进攻日本@Ajin gong ri ben@e日军暴行及美军投掷原子弹的真相@f(美) 雷蒙德·戴维斯, 丹·温著@g(美) 臧英年译@d= D-day Japan@fRaymond Davis, Dan Winn@gGregory Yingnien Tsang@zeng |
| 210 | @a桂林@c广西师范大学出版社@d2014.09 | |
| 215 | @a280页, [16] 页图版@c图@d22cm | |
| 330 | @a本书主要内容包括: 进攻日本本土之日 ; 正确的决定 ; 日本宣传的动机 ; 对日战争简述 ; 日本偷袭珍珠港之前: 超级大屠杀 ; 批驳对历史不断的曲解等。 | |
| 500 | 10 | @aD-day Japan@mChinese |
| 517 | 1 | @a日军暴行及美军投掷原子弹的真相@Ari jun bao xing ji mei jun tou zhi yuan zi dan de zhen xiang |
| 606 | 0 | @a第二次世界大战@Adi er ci shi jie da zhan@y日本@x史料 |
| 606 | 0 | @a美国对日本广岛、长崎原子突袭 (1945)@Amei guo dui ri ben guang dao 、chang qi yuan zi tu xi (1945)@x史料 |
| 690 | @aK313.46@v5 | |
| 690 | @aE313.9@v5 | |
| 701 | 1 | @a戴维斯@Adai wei si@g(Davis, Raymond),@f1915-2003@4著 |
| 701 | 1 | @a温@Awen@g(Winn, Dan),@f1921-@4著 |
| 702 | 0 | @a臧英年@Azang ying nian@4译 |
| 801 | 0 | @aCN@b人天书店@c20140925 |
| 901 | @a广西师范大学出版社 | |
| 905 | @aZUCC@dK313.46@e5 | |
| 997 | @a期货 | |
| 进攻日本:日军暴行及美军投掷原子弹的真相/(美) 雷蒙德·戴维斯, 丹·温著/(美) 臧英年译= D-day Japan/Raymond Davis, Dan Winn/Gregory Yingnien Tsang.-桂林:广西师范大学出版社,2014.09 |
| 280页, [16] 页图版:图;22cm |
| ISBN 978-7-5495-5854-4(精装):CNY40.00 |
| 本书主要内容包括: 进攻日本本土之日 ; 正确的决定 ; 日本宣传的动机 ; 对日战争简述 ; 日本偷袭珍珠港之前: 超级大屠杀 ; 批驳对历史不断的曲解等。 |
| ● |
| 相关链接 |
|
|
|
正题名:进攻日本
索取号:K313.46/5
 
预约/预借
| 序号 | 登录号 | 条形码 | 馆藏地/架位号 | 状态 | 备注 |
| 1 | 2000895342 | 2000895342 | 第三书库/ [索取号:K313.46/5] | 在馆 | |
| 2 | 2000895343 | 2000895343 | 第三书库/ [索取号:K313.46/5] |
已借出,限还日期为2025.12.31 借出人:孙君昊 |
|
| 3 | 2000895344 | 2000895344 | 第三书库/ [索取号:K313.46/5] | 在馆 |